[Event "ICS rated blitz match"]
[Site "204.178.125.65"]
[Date "2000.05.20"]
[Round "?"]
[White "cmslim"]
[Black "Hossa"]
[Result "1-0"]
[WhiteElo "2608"]
[BlackElo "2497"]
[PlyCount "187"]
[EventDate "2000.??.??"]

1. e4 c5 2. Nf3 Nc6 3. d4 cxd4 4. Nxd4 g6 5. Nc3 Bg7 6. Be3 Qa5 7. Qd2 Nf6 8.
Nb3 Qd8 9. Bc4 O-O 10. O-O Ng4 11. Bf4 d6 12. Rfd1 Be6 13. Bd5 Qd7 14. f3 Nge5
15. Bh6 Qc7 16. Bxg7 Qb6+ 17. Kh1 Kxg7 18. Rab1 a5 19. Bxe6 fxe6 20. a4 Kg8 21.
Nb5 Nc4 22. Qc3 N4e5 23. Qd2 Nc4 24. Qc3 N4e5 25. N3d4 Nxd4 26. Nxd4 Rac8 27.
Qe1 Rf6 28. b4 Qc7 29. bxa5 Nc4 30. Rdc1 Ra8 31. Nb3 e5 32. Qb4 Rf4 33. Kg1
Raf8 34. Qb5 e6 35. a6 bxa6 36. Qxa6 Rb8 37. a5 Rf7 38. Ra1 Rb4 39. Rd1 Rf8 40.
Rd3 Rd8 41. Rc3 Kh8 42. Rd1 g5 43. Ra1 Kg8 44. Kh1 Re8 45. Nd2 d5 46. exd5 exd5
47. Qh6 Qe7 48. Nxc4 dxc4 49. a6 Reb8 50. Kg1 R8b6 51. Qh5 Qd8 52. Re3 Rb1+ 53.
Rxb1 Rxb1+ 54. Kf2 Qd2+ 55. Re2 Qd4+ 56. Kg3 Qf4+ 57. Kh3 Ra1 58. Qe8+ Kg7 59.
Qe7+ Kg6 60. Qe6+ Qf6 61. Rxe5 Qxe6+ 62. Rxe6+ Kf5 63. Rc6 c3 64. Kg3 Ra3 65.
Kf2 Ra2 66. Ke3 Rxc2 67. g4+ Ke5 68. Rc5+ Kd6 69. Rxg5 Rg2 70. Rg8 Ra2 71. Rc8
Rxa6 72. Rxc3 Kd7 73. Kf4 Ra2 74. h4 Ra5 75. Rb3 Ke8 76. Rb7 h6 77. g5 hxg5+
78. hxg5 Kf8 79. g6 Kg8 80. Kg4 Ra2 81. Kg5 Kf8 82. f4 Ra1 83. f5 Rc1 84. Rb8+
Ke7 85. f6+ Kd6 86. f7 Rg1+ 87. Kh6 Rh1+ 88. Kg7 Kd7 89. f8=Q Ke6 90. Qf6+ Kd5
91. Rd8+ Kc4 92. Qc6+ Kb3 93. Rb8+ Ka3 94. Qa8# {Hossa checkmated} 1-0

[Event "ICS Rated blitz match"]
[Site "204.178.125.65"]
[Date "2000.05.20"]
[Round "?"]
[White "Hossa"]
[Black "cmslim"]
[Result "1/2-1/2"]
[WhiteElo "2486"]
[BlackElo "2620"]
[PlyCount "207"]
[EventDate "2000.??.??"]

1. e4 e5 2. Nf3 Nc6 3. Bb5 a6 4. Ba4 Nf6 5. O-O Be7 6. Re1 b5 7. Bb3 d6 8. c3
O-O 9. d3 Na5 10. Bc2 c5 11. Be3 Ng4 12. Bc1 f5 13. b4 cxb4 14. cxb4 Nc6 15.
Bb3+ Kh8 16. Bd5 Bd7 17. Nc3 Rc8 18. Ba3 a5 19. bxa5 Qxa5 20. Qb3 Nd4 21. Nxd4
Rxc3 22. Bb4 Rxb3 23. Bxa5 Rxd3 24. Bc6 Bxc6 25. Nxc6 Bg5 26. exf5 Rxf5 27. Bb6
Bd2 28. Red1 e4 29. h3 Ne5 30. Nxe5 Rxe5 31. a4 bxa4 32. Rxa4 h5 33. Rd4 Bf4
34. g3 Rxd1+ 35. Rxd1 Rg5 36. Kf1 Bxg3 37. fxg3 Rxg3 38. h4 g5 39. Rd5 gxh4 40.
Rxh5+ Kg8 41. Rxh4 d5 42. Rh5 Rd3 43. Re5 Kf7 44. Bd8 Kg6 45. Kf2 Kg7 46. Bh4
Kh7 47. Ke2 Kg7 48. Re6 Rh3 49. Bf2 Rd3 50. Rd6 Kf7 51. Bc5 Kg7 52. Be3 Kf7 53.
Bg5 Rb3 54. Rxd5 Ke6 55. Rc5 Rd3 56. Be3 Kd6 57. Rg5 Ke6 58. Rg6+ Kf5 59. Rh6
Ra3 60. Rh5+ Kg4 61. Rg5+ Kh3 62. Rg7 Rc3 63. Bf2 Rf3 64. Re7 Rf4 65. Re8 Rg4
66. Rh8+ Kg2 67. Bd4 Rg6 68. Be5 Rg5 69. Re8 Rg6 70. Ke3 Rg4 71. Rh8 Kf1 72.
Rf8+ Kg2 73. Rc8 Kh1 74. Rh8+ Kg2 75. Rh7 Kf1 76. Bf4 Kg2 77. Rh2+ Kf1 78. Rf2+
Kg1 79. Ra2 Kf1 80. Ra8 Kg2 81. Ra6 Kf1 82. Ra1+ Kg2 83. Ra8 Kh3 84. Re8 Kg2
85. Re6 Kf1 86. Rf6 Kg2 87. Rc6 Kh3 88. Rc8 Rg1 89. Rh8+ Kg2 90. Rh2+ Kf1 91.
Rf2+ Ke1 92. Rb2 Kf1 93. Be5 Rg4 94. Rf2+ Kg1 95. Rf7 Kh1 96. Re7 Kg2 97. Re6
Kg1 98. Rh6 Kf1 99. Bf4 Kg1 100. Bh2+ Kg2 101. Rh5 Kf1 102. Be5 Kg2 103. Rh2+
Kf1 104. Rh5 1/2-1/2

[Event "ICS Rated blitz match"]
[Site "204.178.125.65"]
[Date "2000.05.20"]
[Round "?"]
[White "JZInsomniac"]
[Black "Hossa"]
[Result "1-0"]
[WhiteElo "2739"]
[BlackElo "2492"]
[PlyCount "155"]
[EventDate "2000.??.??"]

1. d4 Nf6 2. c4 e6 3. Nf3 c5 4. g3 cxd4 5. Nxd4 d5 6. Bg2 dxc4 7. O-O Nbd7 8.
Qc2 e5 9. Nb5 Bc5 10. Qxc4 a6 11. N5c3 Be7 12. Be3 Nb6 13. Qb3 Nbd7 14. Nd5
Nxd5 15. Qxd5 O-O 16. Nd2 Bb4 17. a3 Be7 18. Rac1 Nf6 19. Qxd8 Rxd8 20. Nc4 Nd7
21. Rfd1 h6 22. Na5 Rb8 23. Rxc8 Rbxc8 24. Nxb7 g5 25. Nxd8 Rxd8 26. Bb7 Nb8
27. Rxd8+ Bxd8 28. Ba7 Bc7 29. Bxb8 Bxb8 30. Bxa6 Kf8 31. a4 Ke7 32. Bc4 f5 33.
a5 h5 34. b4 Bc7 35. a6 Bb6 36. e3 e4 37. h4 gxh4 38. gxh4 Kf6 39. Kf1 Ba7 40.
Ke2 Ke7 41. Bg8 Bb8 42. Bh7 Kf6 43. Kf1 Ba7 44. Ke1 Bb6 45. Bg8 f4 46. exf4 Kf5
47. Bf7 Kg4 48. Ke2 Kxh4 49. Be6 Bd4 50. Bf5 Ba7 51. Bxe4 Kg4 52. f5 Kg5 53.
f4+ Kf6 54. Kf3 h4 55. Kg4 Bf2 56. b5 Ke7 57. Bg2 Kf6 58. Bh3 Ke7 59. Kg5 Kd6
60. f6 Bc5 61. Kxh4 Ba7 62. Kg5 Bc5 63. Kh6 Kc7 64. f7 Bf8+ 65. Kh7 Bc5 66. a7
Kb7 67. b6 Bxb6 68. f8=Q Kxa7 69. Qe7+ Kb8 70. Bc8 Kxc8 71. f5 Kb8 72. f6 Bc7
73. Qa3 Kb7 74. f7 Kb6 75. f8=Q Kc6 76. Qab4 Kd5 77. Qbc5+ Ke4 78. Qff5# {
Hossa checkmated} 1-0

[Event "ICS rated blitz match"]
[Site "204.178.125.65"]
[Date "2000.05.20"]
[Round "?"]
[White "Hossa"]
[Black "duendecilla"]
[Result "1-0"]
[WhiteElo "2486"]
[BlackElo "2499"]
[PlyCount "89"]
[EventDate "2000.??.??"]

1. d4 e6 2. Bf4 Nf6 3. e3 b6 4. Nf3 Bb7 5. c4 d5 6. Nc3 c6 7. cxd5 exd5 8. Bd3
Be7 9. Ne5 O-O 10. O-O Re8 11. Qc2 h6 12. Bf5 Bd6 13. f3 Qe7 14. b3 Nbd7 15.
Nxd7 Nxd7 16. Bxd6 Qxd6 17. Bxd7 Qxd7 18. Rfe1 Re7 19. a3 Rae8 20. Qd2 f5 21.
g3 Qd6 22. Qd3 Qf6 23. Rac1 Bc8 24. Rc2 h5 25. Rf2 h4 26. gxh4 Qxh4 27. e4 f4
28. e5 Bh3 29. Qc2 Re6 30. b4 b5 31. Rc1 Kf7 32. a4 a6 33. axb5 axb5 34. Ra1
Rg6+ 35. Kh1 Qg5 36. Qa2 Kg8 37. Ne4 Qh5 38. Nd6 Rf8 39. Qc2 Qg5 40. Re2 Qh5
41. Qb3 Kh7 42. Qc3 Qg5 43. Qc2 Kh6 44. Rd1 Rd8 45. Nf7+ {duendecilla resigns}
1-0

[Event "ICS rated blitz match"]
[Site "204.178.125.65"]
[Date "2000.05.20"]
[Round "?"]
[White "Audaz"]
[Black "Hossa"]
[Result "0-1"]
[WhiteElo "2184"]
[BlackElo "2503"]
[PlyCount "92"]
[EventDate "2000.??.??"]

1. e4 c5 2. Nf3 Nc6 3. d4 cxd4 4. Nxd4 g6 5. c4 Bg7 6. Nc2 Nf6 7. Nc3 O-O 8.
Be2 d6 9. Be3 Nd7 10. Qd2 Nc5 11. f3 Bd7 12. O-O Qa5 13. Nd4 Nxd4 14. Bxd4
Bxd4+ 15. Qxd4 Bc6 16. Rfd1 Ne6 17. Qe3 Qc5 18. Qxc5 dxc5 19. Nd5 Bxd5 20. cxd5
Nd4 21. Kf2 Rfd8 22. Rac1 Rac8 23. Rc3 b6 24. Rdc1 Ra8 25. Ba6 f5 26. Ke3 fxe4
27. fxe4 h6 28. Rc4 e6 29. Rxd4 cxd4+ 30. Kxd4 exd5 31. exd5 Rf8 32. d6 Rad8
33. Kd5 Rf2 34. Kc6 Rd2 35. Bc4+ Kg7 36. Kb5 R8xd6 37. b4 Rxg2 38. a4 Rxh2 39.
Re1 Rh5+ 40. Ka6 b5+ 41. Kxa7 bxc4 42. b5 Rc5 43. Rc1 c3 44. Rc2 Rd2 45. b6
Ra5+ 46. Kb7 Rxc2 {Audaz resigns} 0-1

[Event "ICS rated blitz match"]
[Site "204.178.125.65"]
[Date "2000.05.20"]
[Round "?"]
[White "Hossa"]
[Black "Audaz"]
[Result "1-0"]
[WhiteElo "2507"]
[BlackElo "2180"]
[PlyCount "84"]
[EventDate "2000.??.??"]

1. d4 Nf6 2. c4 e6 3. Nf3 b6 4. g3 Bb7 5. Bg2 Be7 6. O-O O-O 7. Nc3 Ne4 8. Bd2
Bf6 9. Qc2 Nxd2 10. Qxd2 d6 11. Qd3 Re8 12. Ne4 Nc6 13. Nxf6+ Qxf6 14. Qc3 e5
15. d5 Nb8 16. Bh3 Na6 17. Qd2 Rad8 18. b4 c6 19. Rac1 cxd5 20. cxd5 e4 21. Nd4
Bxd5 22. Nb5 Qe5 23. Nxa7 e3 24. fxe3 Qxe3+ 25. Qxe3 Rxe3 26. b5 Nc5 27. Rfd1
Bxa2 28. Nc6 Rde8 29. Rxd6 Rxe2 30. Nd4 Rd2 31. Rxb6 Rxd4 32. Rxc5 g6 33. Rc1
Re2 34. Rbc6 Bd5 35. R6c2 Rdd2 36. Rxd2 Rxd2 37. Rc8+ Kg7 38. Rd8 Rd1+ 39. Bf1
Bb3 40. Rxd1 Bxd1 41. b6 Bf3 42. Bg2 Bxg2 {Audaz resigns} 1-0

[Event "ICS rated blitz match"]
[Site "204.178.125.65"]
[Date "2000.05.20"]
[Round "?"]
[White "Amateur"]
[Black "Hossa"]
[Result "1-0"]
[WhiteElo "2552"]
[BlackElo "2511"]
[PlyCount "131"]
[EventDate "2000.??.??"]

1. c4 Nf6 2. Nf3 d5 3. cxd5 Nxd5 4. e4 Nf6 5. Nc3 Bg4 6. Qb3 Bxf3 7. Qxb7 Bxe4
8. Bb5+ Nbd7 9. Nxe4 Qc8 10. Nxf6+ gxf6 11. Qe4 Rb8 12. Bc6 Bg7 13. O-O a6 14.
d4 Rb4 15. Qg4 Bf8 16. b3 h5 17. Qe4 h4 18. Bd2 Rb8 19. h3 Bg7 20. Qg4 Bf8 21.
Rfe1 e6 22. d5 e5 23. Rac1 Ba3 24. Rc4 Bd6 25. Rf4 Ke7 26. Bxd7 Qxd7 27. Qg7
Rhg8 28. Qxf6+ Kf8 29. Qh6+ Ke8 30. Qh7 Rf8 31. Ra4 f5 32. Qxh4 Qb5 33. Ra5 Qd3
34. Qh6 Rf7 35. Qe6+ Re7 36. Qh6 Rf7 37. Ra4 Qxd5 38. Rxa6 e4 39. Ra5 c5 40.
Ra6 Bf8 41. Qf4 Rd8 42. Bc3 Be7 43. Qg3 c4 44. Ba5 Rc8 45. Qg8+ Bf8 46. Bb4 Rd8
47. bxc4 Qxc4 48. Bxf8 Rc7 49. Re6+ Kd7 50. Rd1+ Qd3 51. Rxd3+ exd3 52. Rd6+
Kc8 53. Qe6+ Rdd7 54. Qe8+ Kb7 55. Rxd7 d2 56. Qd8 Rxd7 57. Qxd7+ Kb6 58. h4
Ka6 59. h5 Kb6 60. h6 Ka6 61. h7 Kb6 62. h8=Q d1=Q+ 63. Qxd1 Kc6 64. Qf6+ Kb7
65. Qd7+ Kb8 66. Qfd8# {Hossa checkmated} 1-0

[Event "ICS rated blitz match"]
[Site "204.178.125.65"]
[Date "2000.05.20"]
[Round "?"]
[White "Hossa"]
[Black "kako"]
[Result "1-0"]
[WhiteElo "2497"]
[BlackElo "2157"]
[PlyCount "83"]
[EventDate "2000.??.??"]

1. d4 Nf6 2. c4 g6 3. Nf3 Bg7 4. Nc3 O-O 5. e4 d6 6. Bg5 c6 7. Be2 h6 8. Be3
Nbd7 9. O-O e5 10. dxe5 dxe5 11. Qd6 Re8 12. Rad1 Qe7 13. Qxe7 Rxe7 14. Ne1 Re8
15. Nd3 Bf8 16. b3 Kh7 17. Rd2 Bg7 18. Rfd1 Nf8 19. Bc5 Ne6 20. Bd6 Nd7 21. Bg4
Nef8 22. f3 h5 23. Bh3 Bh6 24. Re2 Bg7 25. b4 Ne6 26. Bxe6 Rxe6 27. c5 Re8 28.
b5 Bf8 29. Bxf8 Nxf8 30. Nb4 Bd7 31. Red2 Re7 32. bxc6 bxc6 33. Rd6 Rc8 34. a4
a5 35. Nc2 Ne6 36. Rxd7 Rxd7 37. Rxd7 Kg7 38. Ra7 Nxc5 39. Rxa5 Nd3 40. Ra7 Nb2
41. Ne3 Nd3 42. Rd7 {kako resigns} 1-0

[Event "ICS rated blitz match"]
[Site "204.178.125.65"]
[Date "2000.05.20"]
[Round "?"]
[White "kako"]
[Black "Hossa"]
[Result "0-1"]
[WhiteElo "2153"]
[BlackElo "2501"]
[PlyCount "66"]
[EventDate "2000.??.??"]

1. e4 c5 2. Nf3 Nc6 3. Bb5 Qb6 4. Na3 Nf6 5. Qe2 a6 6. Bc4 d6 7. h3 Bd7 8. O-O
e6 9. c3 Be7 10. Bd3 O-O 11. Nc4 Qc7 12. e5 dxe5 13. Ncxe5 Nxe5 14. Nxe5 Rad8
15. Nxd7 Rxd7 16. Bc2 Bd6 17. d3 Bh2+ 18. Kh1 Bf4 19. Be3 Rfd8 20. Rad1 b5 21.
d4 cxd4 22. Bxd4 e5 23. Be3 Bxe3 24. Qxe3 Nd5 25. Qe4 g6 26. Bb3 Nb6 27. Rxd7
Rxd7 28. f4 exf4 29. Rxf4 Re7 30. Qf3 Re1+ 31. Kh2 g5 32. g3 gxf4 33. gxf4 Qe7
{kako resigns} 0-1

[Event "ICS rated blitz match"]
[Site "204.178.125.65"]
[Date "2000.05.20"]
[Round "?"]
[White "Hossa"]
[Black "kako"]
[Result "1-0"]
[WhiteElo "2505"]
[BlackElo "2149"]
[PlyCount "55"]
[EventDate "2000.??.??"]

1. d4 Nf6 2. c4 g6 3. Nf3 Bg7 4. Nc3 O-O 5. e4 d6 6. Bg5 h6 7. Bd2 Nbd7 8. Be2
e5 9. dxe5 dxe5 10. Qc2 c6 11. O-O-O Qc7 12. h3 a6 13. g4 Ne8 14. g5 h5 15. Be3
b5 16. Kb1 Qd8 17. Bc5 Qc7 18. Be7 Nb6 19. Bxf8 Bxf8 20. cxb5 axb5 21. Rc1 Qa7
22. Nxe5 Bb7 23. Qb3 Nd6 24. Rhd1 Ndc4 25. Nxc4 bxc4 26. Bxc4 Nxc4 27. Qxc4 Bg7
28. Rd7 {kako resigns} 1-0

[Event "ICS rated blitz match"]
[Site "204.178.125.65"]
[Date "2000.05.20"]
[Round "?"]
[White "Amateur"]
[Black "Hossa"]
[Result "1/2-1/2"]
[WhiteElo "2584"]
[BlackElo "2509"]
[PlyCount "176"]
[EventDate "2000.??.??"]

1. d4 Nf6 2. c4 e6 3. Nf3 b6 4. g3 Ba6 5. Nbd2 Bb4 6. Qa4 c5 7. a3 Bxd2+ 8.
Bxd2 cxd4 9. Bg2 Bb7 10. O-O Bc6 11. Qd1 Bxf3 12. Bxf3 Nc6 13. Bf4 d5 14. Rc1
Rc8 15. cxd5 Nxd5 16. Qa4 Qd7 17. Rfd1 Nde7 18. Rc4 Qb7 19. Rdc1 b5 20. Qb3 a6
21. a4 O-O 22. Rc5 Qb6 23. axb5 axb5 24. Rxb5 Qa7 25. Be4 g6 26. Rbc5 Qd7 27.
Qb6 d3 28. Bxd3 e5 29. Bg5 Rb8 30. Qa6 Nb4 31. Qa1 Nxd3 32. exd3 Nf5 33. R1c4
Qxd3 34. b4 Nd4 35. Bh6 Rfe8 36. Qf1 Qe4 37. Be3 Rxb4 38. Rxb4 Nf3+ 39. Kg2
Ne1+ 40. Kh3 Qxb4 41. Qa6 h5 42. Rc4 Qb1 43. Qf6 Qd3 44. Rc7 Qd5 45. Qc6 Qxc6
46. Rxc6 e4 47. Bd4 Nd3 48. Rc7 g5 49. Rc4 Kf8 50. Rc6 Ra8 51. Rh6 g4+ 52. Kh4
Ke7 53. Kxh5 Rg8 54. Ra6 f5 55. Kh6 Rb8 56. Kg6 Rb5 57. Be3 Rd5 58. Rb6 Ra5 59.
Bd2 Ra2 60. Be3 Nxf2 61. Kxf5 Kf7 62. Rh6 Kg7 63. Rh4 Kf7 64. Bxf2 Rxf2+ 65.
Kxe4 Kf6 66. Ke3 Rb2 67. Ke4 Rf2 68. Rxg4 Rxh2 69. Rg8 Re2+ 70. Kf3 Kf7 71.
Kxe2 Kxg8 72. Kf2 Kf7 73. Kf3 Kg7 74. Kf4 Kf6 75. g4 Kg6 76. g5 Kg7 77. Kf5 Kf7
78. g6+ Kg7 79. Kg5 Kg8 80. Kf4 Kg7 81. Kf5 Kg8 82. Kg4 Kg7 83. Kh5 Kg8 84. Kg5
Kg7 85. Kf5 Kg8 86. Kf6 Kf8 87. Ke6 Kg7 88. Kf5 Kg8 1/2-1/2

[Event "ICS rated blitz match"]
[Site "204.178.125.65"]
[Date "2000.05.20"]
[Round "?"]
[White "Hossa"]
[Black "Amateur"]
[Result "0-1"]
[WhiteElo "2512"]
[BlackElo "2581"]
[PlyCount "124"]
[EventDate "2000.??.??"]

1. d4 Nf6 2. c4 e6 3. Nf3 Bb4+ 4. Nbd2 O-O 5. a3 Bxd2+ 6. Bxd2 Nc6 7. Bg5 h6 8.
Bxf6 Qxf6 9. e3 e5 10. d5 Ne7 11. Bd3 d6 12. Nd2 Qg5 13. g3 Bf5 14. h4 Qg6 15.
h5 Qh7 16. Bxf5 Qxf5 17. g4 Qd7 18. g5 hxg5 19. h6 Qf5 20. hxg7 Kxg7 21. e4 Qf4
22. Qe2 f5 23. b3 c6 24. c5 dxc5 25. d6 Ng6 26. b4 cxb4 27. axb4 Nh4 28. Kd1
Rfd8 29. Kc2 Rxd6 30. exf5 Nxf5 31. Nb3 Qxb4 32. Qxe5+ Kg6 33. Rh7 Qc4+ 34. Kb2
Re6 35. Qh2 Re2+ 36. Ka3 b5 37. Qh5+ Kf6 38. Rh6+ Nxh6 39. Qxh6+ Kf5 40. Qh7+
Ke6 41. Qg6+ Kd7 42. Rd1+ Kc7 43. Qd6+ Kb6 44. Rd4 Qc3 45. Rd2 Re4 46. Rd4 Rxd4
47. Qxd4+ Qxd4 48. Nxd4 Rf8 49. Ne6 Rf3+ 50. Kb2 g4 51. Kc2 Rxf2+ 52. Kb1 g3
53. Ng5 g2 54. Nh3 Rf3 55. Ng1 Rf1+ 56. Kc2 Rxg1 57. Kd2 Rh1 58. Ke3 g1=Q+ 59.
Ke4 Qf2 60. Kd3 Rh3+ 61. Ke4 Re3+ 62. Kd4 Qf4# {Hossa checkmated} 0-1

[Event "ICS rated blitz match"]
[Site "204.178.125.65"]
[Date "2000.05.20"]
[Round "?"]
[White "Hossa"]
[Black "Tinker"]
[Result "1-0"]
[WhiteElo "2499"]
[BlackElo "2432"]
[PlyCount "87"]
[EventDate "2000.??.??"]

1. e4 e5 2. Nf3 Nc6 3. Bb5 Nf6 4. Nc3 Nd4 5. Ba4 c6 6. Nxe5 b5 7. Bb3 Qe7 8.
Nf3 Nxe4 9. O-O Nxb3 10. axb3 Ng5 11. Nxg5 Qxg5 12. Re1+ Be7 13. d3 Qf6 14. Ne4
Qe5 15. d4 Qe6 16. Bg5 O-O 17. Nf6+ Bxf6 18. Rxe6 fxe6 19. Bxf6 Rxf6 20. Qh5 h6
21. Qe5 Rf5 22. Qc7 Rd5 23. c3 a6 24. g4 Kh7 25. Qf4 Rg5 26. Qe4+ Rg6 27. h4 d5
28. Qd3 h5 29. Kh2 Kh6 30. g5+ Kh7 31. Qf3 Kg8 32. Qxh5 Kf7 33. Qf3+ Kg8 34.
Qd3 Kf7 35. f4 e5 36. fxe5 Re6 37. Qh7 Ke7 38. Qxg7+ Kd8 39. g6 Re8 40. Qf6+
Kc7 41. Qf7+ Kd8 42. g7 Be6 43. Qxe6 Rxe6 44. g8=Q+ {Tinker resigns} 1-0

[Event "ICS rated blitz match"]
[Site "204.178.125.65"]
[Date "2000.05.20"]
[Round "?"]
[White "Tinker"]
[Black "Hossa"]
[Result "0-1"]
[WhiteElo "2419"]
[BlackElo "2512"]
[PlyCount "128"]
[EventDate "2000.??.??"]

1. e4 c5 2. Nf3 Nc6 3. Ng1 e6 4. Nf3 Nf6 5. d3 d5 6. exd5 exd5 7. Be2 Be7 8.
Na3 O-O 9. Nb1 Re8 10. Na3 b5 11. O-O b4 12. Nb1 Bg4 13. Re1 Qc7 14. Nbd2 Bd6
15. Nf1 Bxf3 16. Bxf3 Rxe1 17. Qxe1 Re8 18. Qd2 Nd4 19. Bd1 a6 20. c3 bxc3 21.
bxc3 Nb5 22. a4 Na7 23. Rb1 Nc6 24. Be2 Be5 25. Bb2 d4 26. c4 Bf4 27. Qc2 Qe5
28. Bf3 Nb4 29. Qd1 a5 30. Ba1 Qf5 31. Rb3 Bb8 32. Bb2 Qd7 33. Ra3 Bf4 34. Be2
Qe6 35. Bf3 Rb8 36. Ba1 Qe8 37. Bb2 Qe7 38. Ba1 Re8 39. Bb2 Nd7 40. Ra1 Ne5 41.
Be4 Nxc4 42. Bxh7+ Kxh7 43. Qh5+ Kg8 44. dxc4 Nd3 45. Ba3 Bd6 46. Qf5 Qe2 47.
Ng3 Bxg3 48. hxg3 g6 49. Qf3 Qc2 50. g4 Qc3 51. Kh2 Qxa1 52. Qxd3 Qe1 53. Qf3
Kg7 54. g5 Qe5+ 55. Kg1 Qxg5 56. Qd1 Qe5 57. Qf1 Rh8 58. Qc1 Qh2+ 59. Kf1 Qh1+
60. Ke2 Qxg2 61. Bb2 Re8+ 62. Kd1 Qxf2 63. Qd2 Qf1+ 64. Kc2 Re2 {Tinker resigns
} 0-1

[Event "ICS rated blitz match"]
[Site "204.178.125.65"]
[Date "2000.05.20"]
[Round "?"]
[White "QueenMaxima"]
[Black "Hossa"]
[Result "0-1"]
[WhiteElo "2477"]
[BlackElo "2524"]
[PlyCount "88"]
[EventDate "2000.??.??"]

1. d4 Nf6 2. c4 e6 3. Nf3 Bb4+ 4. Bd2 a5 5. Nc3 d5 6. e3 Nc6 7. Be2 dxc4 8.
Bxc4 O-O 9. Bb5 Bd7 10. O-O Bxc3 11. bxc3 Ne4 12. Bd3 Nxd2 13. Qxd2 Qe7 14.
Rab1 b6 15. Rfd1 Rfd8 16. Qc2 g6 17. Bb5 Nb4 18. cxb4 Bxb5 19. a4 Bd7 20. b5
Rac8 21. Qa2 c6 22. bxc6 Bxc6 23. Rxb6 Bxf3 24. gxf3 Qg5+ 25. Kf1 Qh5 26. Rdb1
Qxf3 27. R6b5 Qh1+ 28. Ke2 Qe4 29. Kd2 e5 30. d5 Qh4 31. Ke2 Qh5+ 32. Ke1 Qxh2
33. Rxa5 Rc3 34. Ra1 Rdc8 35. Qd2 Rc2 36. Qe2 Qh1+ 37. Qf1 Rc1+ 38. Kd2 R8c2+
39. Kd3 Qxf1+ 40. Ke4 Qg2+ 41. Kxe5 Qg5+ 42. Kd6 Qf6+ 43. Kd7 Rc7+ 44. Ke8 Qe7#
0-1

[Event "ICS rated blitz match"]
[Site "204.178.125.65"]
[Date "2000.05.20"]
[Round "?"]
[White "Hossa"]
[Black "Tinker"]
[Result "1-0"]
[WhiteElo "2538"]
[BlackElo "2407"]
[PlyCount "161"]
[EventDate "2000.??.??"]

1. e4 e5 2. Nf3 Nc6 3. Bb5 Nge7 4. O-O a6 5. Ba4 d6 6. d3 b5 7. Bb3 Na5 8. Bd2
Nxb3 9. axb3 Bg4 10. Ba5 Nc6 11. b4 Be7 12. Nc3 Nxa5 13. Rxa5 O-O 14. Qe2 c6
15. Rfa1 Qb6 16. Qe3 Qxe3 17. fxe3 Bc8 18. R5a2 Bb7 19. b3 Rfe8 20. Ne2 Bd8 21.
Kf2 Bb6 22. Ng3 d5 23. c3 Ba7 24. Ke2 Bb6 25. Kd2 Re6 26. exd5 cxd5 27. c4 dxc4
28. bxc4 bxc4 29. dxc4 Ree8 30. c5 Bc7 31. e4 Red8+ 32. Ke3 Kh8 33. Nf5 f6 34.
Ne7 a5 35. bxa5 Ba6 36. Rd2 Rxd2 37. Nxd2 Bb5 38. Nb3 Bd8 39. Nd5 Kg8 40. Nb6
Ra6 41. g4 Kf7 42. h4 f5 43. gxf5 Bxh4 44. Rh1 Bg5+ 45. Kf3 h6 46. Rd1 h5 47.
Rd6 Be7 48. Rg6 Bf6 49. Ke3 Kf8 50. Rg3 Bd8 51. Rh3 Be8 52. Nc4 Bc7 53. Rh2 Bf7
54. Kd3 Ke7 55. Rg2 Kf6 56. Rg1 Bd8 57. Ra1 Be7 58. Kc3 Be8 59. Rh1 Rc6 60. Kb4
Ra6 61. Nb6 Kg5 62. Rg1+ Kh6 63. Nd2 Bf6 64. Ndc4 Kh7 65. Nd5 Bc6 66. Rg6 Bxd5
67. exd5 Ra7 68. c6 Bd8 69. d6 e4 70. Re6 h4 71. Rxe4 Kh6 72. Re8 Bc7 73. Kb5
h3 74. dxc7 Rxc7 75. Kb6 Rf7 76. Rh8+ Kg5 77. a6 h2 78. Rxh2 Rf8 79. Rg2+ Kf4
80. c7 g6 81. Kb7 {Tinker resigns} 1-0

[Event "ICS rated blitz match"]
[Site "204.178.125.65"]
[Date "2000.05.20"]
[Round "?"]
[White "Tinker"]
[Black "Hossa"]
[Result "1-0"]
[WhiteElo "2397"]
[BlackElo "2548"]
[PlyCount "119"]
[EventDate "2000.??.??"]

1. e4 c5 2. Nf3 Nc6 3. Bb5 Qb6 4. Nc3 e6 5. d3 Nd4 6. Bc4 Nf6 7. O-O d6 8. Rb1
Be7 9. Bd2 Nxf3+ 10. Qxf3 O-O 11. Be3 Qd8 12. Rfd1 Nd7 13. Bb3 Ne5 14. Qg3 Bh4
15. Qh3 b6 16. Nb5 g5 17. Bd2 a6 18. Nc3 d5 19. Na4 d4 20. f3 Bd7 21. Kh1 Bxa4
22. Bxa4 b5 23. g3 g4 24. Qxh4 Qxh4 25. gxh4 bxa4 26. fxg4 Rfc8 27. Bf4 Ng6 28.
Bg3 Ne7 29. c3 a3 30. bxa3 dxc3 31. Rbc1 f5 32. gxf5 exf5 33. Bd6 Ng6 34. exf5
Nxh4 35. Rf1 c4 36. d4 Rd8 37. Be5 Rf8 38. Rf4 Nxf5 39. Rg1+ Kf7 40. Rxf5+ Ke7
41. Rh5 Rf7 42. d5 c2 43. Rc1 Rg8 44. Bg3 Kd7 45. Rxc2 Rc8 46. Rh6 a5 47. Ra6
Kd8 48. Rxa5 Rg7 49. a4 Rf7 50. d6 Rb7 51. Rg5 Rb1+ 52. Kg2 Rd1 53. Rg7 Rc5 54.
Rf2 Rd2 55. Bh4+ Kc8 56. Rxd2 h5 57. d7+ Kb7 58. d8=Q+ Ka6 59. Rd6+ Rc6 60.
Rxc6# {Hossa checkmated} 1-0

[Event "ICS rated blitz match"]
[Site "204.178.125.65"]
[Date "2000.05.20"]
[Round "?"]
[White "Hossa"]
[Black "undertaker1"]
[Result "1/2-1/2"]
[WhiteElo "2528"]
[BlackElo "2600"]
[PlyCount "110"]
[EventDate "2000.??.??"]

1. e4 e5 2. Nf3 Nc6 3. Bb5 a6 4. Ba4 Nf6 5. O-O Be7 6. Re1 b5 7. Bb3 d6 8. c3
O-O 9. a4 Bg4 10. axb5 axb5 11. Rxa8 Qxa8 12. d3 Qe8 13. Na3 Na5 14. Ba2 c5 15.
Bg5 h6 16. Bh4 Qd7 17. Nc2 Ra8 18. Bxf6 Bxf6 19. Bd5 Nc6 20. Ne3 Be6 21. Qc2
Ra7 22. b3 Ra3 23. Qb2 Ra7 24. Ra1 Rxa1+ 25. Qxa1 Nd8 26. Qa6 Be7 27. Bxe6 Nxe6
28. g3 Kh7 29. Nd5 Ng5 30. Nxg5+ Bxg5 31. h4 Bd8 32. Qa8 Kg6 33. Kg2 f6 34. f3
f5 35. exf5+ Kxf5 36. b4 Kg6 37. bxc5 dxc5 38. Kh2 Kf7 39. Qa2 g5 40. h5 Be7
41. Kg2 Qe6 42. Qa8 Qd7 43. Nxe7 Kxe7 44. Qb8 Qd5 45. Qc7+ Ke8 46. Kf2 c4 47.
dxc4 Qd2+ 48. Kg1 Qc1+ 49. Kg2 Qc2+ 50. Kh3 Qf5+ 51. Kh2 Qc2+ 52. Kh1 Qd1+ 53.
Kh2 Qc2+ 54. Kh1 Qc1+ 55. Kh2 Qc2+ 1/2-1/2

[Event "ICS rated blitz match"]
[Site "204.178.125.65"]
[Date "2000.05.20"]
[Round "?"]
[White "undertaker1"]
[Black "Hossa"]
[Result "1-0"]
[WhiteElo "2597"]
[BlackElo "2531"]
[PlyCount "147"]
[EventDate "2000.??.??"]

1. e4 c5 2. Nf3 e6 3. d4 cxd4 4. Nxd4 d6 5. Nc3 a6 6. Be2 Nd7 7. O-O Qc7 8. Bg5
Be7 9. Qd2 Ngf6 10. Rad1 O-O 11. f3 b5 12. a4 bxa4 13. Nxa4 Rb8 14. Ra1 Nc5 15.
Qc1 e5 16. Nf5 Bxf5 17. Nxc5 Qxc5+ 18. Be3 Qc7 19. exf5 a5 20. c4 Rb7 21. Qd2
Rb4 22. Rfc1 Rfb8 23. Rc2 Nd7 24. Rf1 Nc5 25. Rb1 Rb3 26. Ra1 a4 27. f4 e4 28.
Bd4 Qc8 29. g4 Qc6 30. Bc3 R3b7 31. Rd1 Nb3 32. Qe1 Qb6+ 33. Qf2 Qxf2+ 34. Kxf2
Re8 35. Ke3 d5 36. Rxd5 Bc5+ 37. Rxc5 Nxc5 38. Bd4 Nb3 39. Be5 f6 40. Bc3 Rb6
41. c5 Rbb8 42. c6 Kh8 43. c7 Ra8 44. Bb4 Na1 45. Rc3 Rec8 46. Bb5 h5 47. gxh5
Kh7 48. Bd7 Nb3 49. Kxe4 Kh6 50. Kd5 Rxc7 51. Rxc7 Kh7 52. Kc4 Nc1 53. Bc6 Rd8
54. Be7 Rb8 55. Bxf6 Rg8 56. Bxa4 Ne2 57. Be5 Kh6 58. Rc6+ Kxh5 59. Bd1 Kg4 60.
Bxe2+ Kxf5 61. Bd3+ Kg4 62. Rg6+ Kh4 63. Bf5 Rf8 64. Be6 Kh5 65. Rg5+ Kh4 66.
Rxg7 Kh5 67. Rh7+ Kg6 68. Rh3 Re8 69. f5+ Kg5 70. Rg3+ Kh6 71. Bf6 Rc8+ 72.
Bxc8 Kh5 73. b4 Kh6 74. Rh3# {Hossa checkmated} 1-0

[Event "ICS rated blitz match"]
[Site "204.178.125.65"]
[Date "2000.05.20"]
[Round "?"]
[White "Hossa"]
[Black "undertaker1"]
[Result "1/2-1/2"]
[WhiteElo "2518"]
[BlackElo "2610"]
[PlyCount "167"]
[EventDate "2000.??.??"]

1. e4 e5 2. Nf3 Nc6 3. Bb5 a6 4. Ba4 Nf6 5. O-O Be7 6. Re1 b5 7. Bb3 d6 8. a4
Bg4 9. c3 O-O 10. d3 Na5 11. Ba2 c5 12. axb5 axb5 13. Nbd2 Nc6 14. Rf1 Be6 15.
b3 Nh5 16. Bb2 Nf4 17. d4 cxd4 18. cxd4 Nd3 19. Qb1 Nxb2 20. d5 Nb4 21. Qxb2
Bd7 22. Bb1 Qc7 23. Rc1 Qb7 24. Rxa8 Rxa8 25. Nf1 Rc8 26. Rxc8+ Qxc8 27. Qd2
Qc5 28. Ne3 Bd8 29. Ne1 Ba5 30. Nf3 Qc7 31. Qb2 Na6 32. Nh4 Bc3 33. Qc1 Bb4 34.
Qxc7 Nxc7 35. Nhf5 Kf8 36. Bd3 g6 37. Ng3 Na6 38. Nc2 Bc3 39. Na3 b4 40. Nc4
Nc5 41. Bc2 Ke7 42. Nb6 Bb5 43. Nc8+ Kd7 44. Na7 Bd3 45. Bxd3 Nxd3 46. Nc6 h5
47. f3 Nc5 48. Na5 h4 49. Ne2 f5 50. exf5 gxf5 51. Kf1 f4 52. Nc1 Na6 53. Nc4
Ke7 54. Ne2 Nc5 55. Nc1 Nd7 56. Ne2 Nf6 57. Nb6 Bd2 58. Nc4 Be3 59. g3 Nxd5 60.
gxh4 Ke6 61. Ke1 Ne7 62. Nxe3 fxe3 63. f4 d5 64. fxe5 Nf5 65. h5 Kxe5 66. Nc1
Ke4 67. Ke2 Nd4+ 68. Kf1 Kf5 69. h4 Kf6 70. Nd3 Nxb3 71. Nxb4 d4 72. Ke2 Nc1+
73. Kd1 Nb3 74. Ke2 Kf5 75. Kd3 Nc5+ 76. Kxd4 e2 77. Nc2 Ne4 78. h6 Nf6 79. Ne1
Kg4 80. Ke5 Nh7 81. Ke4 Kxh4 82. Kf4 Kh5 83. Ke3 Kxh6 84. Kxe2 1/2-1/2